Vista normal
Vista MARC
Entrada Personal Name
Número de registros utilizados en: 1
001 - CONTROL NUMBER
- control field: 4537
003 - CONTROL NUMBER IDENTIFIER
- control field: DLC
005 - DATE AND TIME OF LATEST TRANSACTION
- control field: 20211112124348.0
008 - FIXED-LENGTH DATA ELEMENTS
- fixed length control field: 081002n| azannaabn |n aaa
010 ## - LIBRARY OF CONGRESS CONTROL NUMBER
- LC control number: n 2008067159
035 ## - SYSTEM CONTROL NUMBER
- System control number: (CaEvSKY)skya8610272
040 ## - CATALOGING SOURCE
- Original cataloging agency: DLC
- Language of cataloging: spa
- Description conventions: rda
- Transcribing agency: Mx-PuUPA
- Modifying agency: MX-SlUA
- Modifying agency: Mx-PuUPA
046 ## - SPECIAL CODED DATES
- Birth date: 1954
100 1# - HEADING--PERSONAL NAME
- Personal name: Jarvis, Jeff,
- Dates associated with a name: 1954-
373 ## - ASSOCIATED GROUP
- Associated group: Universidad Northwestern
- Associated group: Escuela de Periodismo Medill
374 ## - OCCUPATION
- Occupation: El periodista
- Source of term: lcsh
374 ## - OCCUPATION
- Occupation: Autor
- Source of term: lcsh
375 ## - GENDER
- Gender: hombre
377 ## - ASSOCIATED LANGUAGE
- Language code: eng
670 ## - SOURCE DATA FOUND
- Source citation: Jarvis, Jeff. What would Google do?, c2009:
- Information found: ECIP t.p. (Jeff Jarvis)
670 ## - SOURCE DATA FOUND
- Source citation: Email from publisher, Oct. 2, 2008:
- Information found: (b. July 15, 1954; Jeffrey A. Jarvis, prefers to use Jeff Jarvis)
670 ## - SOURCE DATA FOUND
- Source citation: El fin de los medios de comunicación de masas : ¿cómo serán las noticias del futuro?, 2015:
- Information found: title page (Jeff Jarvis) flap (Es uno de los periodistas más respetados de Estados Unidos. Editor y fundador de la revista Entertainment WEekly, y más adelante presidente y director creativo de Advence Internet. Actuamente imparte clases de periodismo en la New York Graduate School. Autor de los bestsellers Y Google, ¿Cómo lo haría? y Partes públicas)